Alphabetically Between Countries Quiz Stats

 Plays Quiz Updated Jul 2, 2018

Challenge
Share
Tweet
Embed
Score 0/39 Timer 07:00
2 Plays Today
Before Between % Correct
AfghanistanAlbania, Algeria, Andorra, Angola
89.9%
Antigua and BarbudaArgentina, Armenia, Australia, Austria
89.8%
BelarusBelgium, Belize, Benin, Bhutan
83.8%
HaitiHonduras, Hungary, Iceland, India
80.8%
BoliviaBosnia and Herzegovina, Botswana, Brazil, Brunei
80.2%
AzerbaijanBahamas, Bahrain, Bangladesh, Barbados
77.9%
The GambiaGeorgia, Germany, Ghana, Greece
77.6%
EgyptEl Salvador, Equatorial Guinea, Eritrea, Estonia, eSwatini
77.5%
EthiopiaFiji, Finland, France, Gabon
77.2%
CameroonCanada, Central African Republic, Chad, Chile
76.5%
LaosLatvia, Lebanon, Lesotho, Liberia
74.5%
CroatiaCuba, Cyprus, Czechia, Dem. Rep. of the Congo
73.8%
IndonesiaIran, Iraq, Ireland, Israel
73.6%
NepalNetherlands, New Zealand, Nicaragua, Niger
73.3%
BulgariaBurkina Faso, Burundi, Cabo Verde, Cambodia
72.2%
ItalyJamaica, Japan, Jordan, Kazakhstan
72%
DenmarkDjibouti, Dominica, Dominican Republic, Ecuador
69.2%
Rep. of the CongoRomania, Russia, Rwanda, Saint Kitts and Nevis,
67.4%
NigeriaNorth Korea, Norway, Oman, Pakistan
67%
Vanuatu*Vatican City, Venezuela, Vietnam, Yemen, Zambia
65.8%
Before Between % Correct
ChinaColombia, Comoros, Costa Rica, Cote d'Ivoire
65.2%
LibyaLiechtenstein, Lithuania, Luxembourg, Macedonia
64.9%
KenyaKiribati, Kosovo, Kuwait, Kyrgyzstan
64.7%
United Arab EmiratesUnited Kingdom, United States, Uruguay, Uzbekistan
64%
PalauPalestine, Panama, Papua New Guinea, Paraguay
64%
MadagascarMalawi, Malaysia, Maldives, Mali
63.5%
TurkeyTurkmenistan, Tuvalu, Uganda, Ukraine
61.2%
SingaporeSlovakia, Slovenia, Solomon Islands, Somalia
61.2%
GrenadaGuatemala, Guinea, Guinea-Bissau, Guyana
61%
SudanSuriname, Sweden, Switzerland
60.4%
PeruPhilippines, Poland, Portugal, Qatar
59.7%
MicronesiaMoldova, Monaco, Mongolia, Montenegro
59.4%
MoroccoMozambique, Myanmar, Namibia, Nauru
57.7%
South AfricaSouth Korea, South Sudan, Spain, Sri Lanka
57%
MaltaMarshall Islands, Mauritania, Mauritius, Mexico
56.9%
Timor-LesteTogo, Tonga, Trinidad and Tobago, Tunisia
54.8%
SyriaTaiwan, Tajikistan, Tanzania, Thailand
53.6%
Saudi ArabiaSenegal, Serbia, Seychelles, Sierra Leone
48.2%
Saint LuciaSaint Vincent & The Grenadines, Samoa, San Marino, São Tomé and Príncipe
46.5%

You're not logged in!

Compare scores with friends on all Sporcle quizzes.
Join for Free
OR
Log In

You Might Also Like...

Show Comments

Extras

Top Quizzes Today


Score Distribution

Your Account Isn't Verified!

In order to create a playlist on Sporcle, you need to verify the email address you used during registration. Go to your Sporcle Settings to finish the process.

Report this User

Report this user for behavior that violates our Community Guidelines.

Details: